[Event "World Rapid 2018"]
[Site "St Petersburg RUS"]
[Date "2018.12.27"]
[Round "8.98"]
[White "Ovchinnikov, Vsevolod"]
[Black "Yeritsyan, Aram"]
[Result "1-0"]
[WhiteTitle "FM"]
[BlackTitle "FM"]
[WhiteElo "2329"]
[BlackElo "2372"]
[WhiteFideId "24176842"]
[BlackFideId "34161047"]
[EventDate "2018.12.26"]

1. d4 Nf6 2. c4 e6 3. Nf3 Bb4+ 4. Bd2 Qe7 5. g3 Bxd2+ 6. Qxd2 Nc6 7. Nc3 d5 8.
Bg2 dxc4 9. Ne5 Nxe5 10. dxe5 Nd7 11. f4 Rb8 12. Rd1 O-O 13. Qd4 a6 14. Qxc4 Nb6
15. Qd4 Bd7 16. b3 Rbd8 17. Qe3 Bc8 18. O-O Qb4 19. Rc1 Rd7 20. Ne4 Nd5 21. Qc5
b6 22. Qxb4 Nxb4 23. a3 Nd5 24. Rfd1 Rfd8 25. Kf2 Bb7 26. Rd3 Kf8 27. Nc3 Ke7
28. Nxd5+ exd5 29. Bh3 c5 30. Bxd7 Rxd7 31. b4 c4 32. Rd4 b5 33. Ke3 Bc6 34.
Rdd1 Ke6 35. Kd4 Ba8 36. g4 g6 37. Rf1 a5 38. f5+ Ke7 39. e3 Rc7 40. bxa5 Ra7
41. Kc5 Rxa5 42. Rc3 g5 43. Kb6 Ra4 44. Rb1 Kd7 45. Rxb5 Bc6 46. Ra5 Rxa5 47.
Kxa5 Kc7 48. Kb4 Kb6 49. a4 Bd7 50. a5+ Kc6 51. Ra3 Kb7 52. Kc5 Ka6 53. Kxd5 Kb5
54. a6 Bc6+ 55. Kd4 Kb4 56. Rc3 Kb5 57. Rxc4 Bf3 58. a7 Kb6 59. Ra4 Ba8 60. e6 1-0

[Event "World Rapid 2018"]
[Site "St Petersburg RUS"]
[Date "2018.12.27"]
[Round "8.99"]
[White "Alsulaymi, Abdullah M"]
[Black "Danielyan, Vahe"]
[Result "0-1"]
[BlackTitle "FM"]
[WhiteElo "1833"]
[BlackElo "2220"]
[WhiteFideId "21511390"]
[BlackFideId "13304828"]
[EventDate "2018.12.26"]

1. e4 c5 2. b4 cxb4 3. a3 b3 4. cxb3 e5 5. Nf3 Nc6 6. Bc4 Be7 7. Bb2 d6 8. d4
exd4 9. Nxd4 Nf6 10. O-O O-O 11. Nf5 Bxf5 12. exf5 d5 13. Bd3 Bd6 14. f4 Re8 15.
Nd2 Bc5+ 16. Kh1 Bd4 17. Rb1 Bxb2 18. Rxb2 Re3 19. Nf3 Qa5 20. a4 Rae8 21. Bb5
Qc3 22. Rb1 a6 23. Bxc6 bxc6 24. Ne5 Qc5 25. b4 Qd6 26. Rc1 Rc8 27. Nc4 Qe7 28.
Nxe3 Qxe3 29. b5 axb5 30. axb5 c5 31. b6 Rb8 32. Qa4 h5 33. Qa7 Re8 34. b7 Ne4
35. Rc2 Nf2+ 36. Rcxf2 Qxf2 37. Qa1 Qe2 38. Rb1 Rb8 39. Qa7 Qe8 40. Qxc5 Qd7 41.
h3 Rxb7 42. Ra1 Rb8 43. Rd1 Rd8 44. g4 h4 45. Kg2 Qe8 46. Qd4 Qe2+ 47. Kg1 Kh7
48. g5 Rc8 49. Qxd5 Rc2 50. g6+ Kh6 0-1

[Event "World Rapid 2018"]
[Site "St Petersburg RUS"]
[Date "2018.12.27"]
[Round "8.100"]
[White "Masrahi, Abdulrahman A"]
[Black "Ahmed, Hassan Abdillahi"]
[Result "1-0"]
[WhiteTitle "CM"]
[WhiteElo "1903"]
[BlackElo "1570"]
[WhiteFideId "21501564"]
[BlackFideId "32500033"]
[EventDate "2018.12.26"]

1. d4 Nf6 2. Bf4 e6 3. e3 b6 4. Nf3 Bb7 5. Be2 Be7 6. h3 O-O 7. O-O c5 8. c3 Nc6
9. a4 Nd5 10. Bh2 f5 11. Nbd2 Nf6 12. Nc4 d6 13. dxc5 d5 14. Nd6 Bxd6 15. cxd6
Ne4 16. c4 Nb4 17. Nd4 Qf6 18. a5 e5 19. Nf3 f4 20. Qb3 Qxd6 21. Rfd1 Nc5 22.
Qxb4 e4 23. Nd4 Qh6 24. Bxf4 Rxf4 25. exf4 Qxf4 26. Qd2 Qf6 27. axb6 Rf8 28. Qe3
axb6 29. b4 Nd3 30. Bxd3 exd3 31. Qe6+ Qxe6 32. Nxe6 dxc4 33. Nxf8 Kxf8 34. b5
Be4 35. Rac1 Bd5 36. f3 Ke7 37. Kf2 Kd6 38. Ke3 Bf7 39. Kd4 Be8 40. Kxc4 Bg6 41.
Rxd3+ Ke5 42. Rd4 1-0

[Event "World Rapid 2018"]
[Site "St Petersburg RUS"]
[Date "2018.12.27"]
[Round "9.2"]
[White "Artemiev, Vladislav"]
[Black "Korobov, Anton"]
[Result "1-0"]
[WhiteTitle "GM"]
[BlackTitle "GM"]
[WhiteElo "2709"]
[BlackElo "2698"]
[WhiteFideId "24101605"]
[BlackFideId "14105730"]
[EventDate "2018.12.26"]

1. c4 c6 2. e4 d5 3. exd5 Nf6 4. Nc3 cxd5 5. d4 e6 6. Nf3 Bb4 7. cxd5 exd5 8.
Bd3 O-O 9. O-O h6 10. Ne5 Nc6 11. Nxc6 bxc6 12. Bf4 Re8 13. Rc1 Bd6 14. Bg3 Rb8
15. Na4 Bxg3 16. hxg3 Qd6 17. a3 Bd7 18. b4 Ne4 19. Nc5 Nxc5 20. Rxc5 Qf6 21.
Qd2 g5 22. Ra5 Rb7 23. Qc3 Kg7 24. Ra6 h5 25. b5 Re6 26. bxc6 Rxc6 27. Rxc6 Bxc6
28. Re1 Bb5 29. Bc2 Re7 30. Re5 Rxe5 31. dxe5 Qc6 32. Qd2 f6 33. exf6+ Kxf6 34.
Qd4+ Kf7 35. Qxa7+ Ke6 36. Bg6 Kd6 37. Qe3 Qc4 38. Bxh5 d4 39. Qxg5 d3 40. Bf3
Ba4 41. Qf6+ Kd7 42. Qg7+ Kd6 43. Qh6+ Kd7 44. Qe3 Bc2 45. g4 Qc3 46. g5 Qxa3
47. g6 Qa1+ 48. Kh2 Qf6 49. g7 1-0

[Event "World Rapid 2018"]
[Site "St Petersburg RUS"]
[Date "2018.12.27"]
[Round "9.5"]
[White "Nepomniachtchi, Ian"]
[Black "Saric, Ivan"]
[Result "1-0"]
[WhiteTitle "GM"]
[BlackTitle "GM"]
[WhiteElo "2763"]
[BlackElo "2695"]
[WhiteFideId "4168119"]
[BlackFideId "14508150"]
[EventDate "2018.12.26"]

1. c4 c6 2. Nf3 d5 3. e3 Nf6 4. Nc3 e6 5. b3 Bd6 6. Bb2 O-O 7. Be2 Nbd7 8. Rc1
a6 9. d4 Re8 10. O-O e5 11. dxe5 Nxe5 12. cxd5 c5 13. Nxe5 Bxe5 14. Bf3 Qd6 15.
h3 b5 16. Qc2 Bb7 17. Rfd1 Rad8 18. Ne2 Bxb2 19. Qxb2 Qb6 20. Nf4 Rd6 21. Qc3 g5
22. Ne6 fxe6 23. Qxf6 exd5 24. Qxg5+ Kh8 25. Qh5 Red8 26. Qe5+ Kg8 27. Rd2 Re6
28. Qc3 b4 29. Qc2 Qd6 30. Bg4 Rg6 31. Qxc5 1-0

[Event "World Rapid 2018"]
[Site "St Petersburg RUS"]
[Date "2018.12.27"]
[Round "9.6"]
[White "Sjugirov, Sanan"]
[Black "Yu, Yangyi"]
[Result "0-1"]
[WhiteTitle "GM"]
[BlackTitle "GM"]
[WhiteElo "2663"]
[BlackElo "2764"]
[WhiteFideId "4189302"]
[BlackFideId "8603820"]
[EventDate "2018.12.26"]

1. d4 Nf6 2. c4 e6 3. Nc3 Bb4 4. Qc2 d5 5. cxd5 exd5 6. Bg5 h6 7. Bh4 Nc6 8. e3
g5 9. Bg3 h5 10. Bb5 h4 11. Be5 Rh6 12. h3 Ne4 13. Ne2 Bf5 14. Qb3 Bxc3+ 15.
Nxc3 Nxc3 16. bxc3 Qd7 17. Bh2 O-O-O 18. Qa4 Rg8 19. f3 a6 20. Be2 Re8 21. Bg1
Rhe6 22. Bf2 Qe7 23. O-O Qd7 24. Rfd1 Rxe3 25. Bxe3 Rxe3 26. Bf1 Rxc3 27. Rac1
Rxc1 28. Rxc1 Qe7 29. Kf2 Qf6 30. Bxa6 Qxd4+ 31. Qxd4 Nxd4 32. Bf1 b6 33. g3 c5
34. f4 f6 35. fxg5 fxg5 36. gxh4 gxh4 37. Rc3 Kd7 38. Ra3 c4 39. Ra8 c3 40. Ke3
Ne6 41. Ke2 d4 42. Kd1 Kd6 43. Rh8 Ke5 44. Rxh4 Nf4 45. Rh8 d3 46. Re8+ Kd4 47.
Rd8+ Ke3 48. Bxd3 Bxd3 49. Re8+ Be4 50. Rc8 Kd3 51. h4 Bf3+ 52. Kc1 Ne2+ 53. Kb1
Be4 54. h5 Kd2+ 55. Ka1 c2 56. Kb2 c1=Q+ 57. Rxc1 Nxc1 58. h6 Nxa2 0-1

[Event "World Rapid 2018"]
[Site "St Petersburg RUS"]
[Date "2018.12.27"]
[Round "9.9"]
[White "Guseinov, Gadir"]
[Black "Timofeev, Artyom"]
[Result "1/2-1/2"]
[WhiteTitle "GM"]
[BlackTitle "GM"]
[WhiteElo "2664"]
[BlackElo "2589"]
[WhiteFideId "13401378"]
[BlackFideId "4140419"]
[EventDate "2018.12.26"]

1. e4 e5 2. Nf3 Nf6 3. d4 Nxe4 4. Bd3 d5 5. Nxe5 Be7 6. O-O O-O 7. c4 Nf6 8. Nc3
Be6 9. c5 c6 10. Bf4 Nbd7 11. b4 Nxe5 12. Bxe5 Nd7 13. Bf4 Bf6 14. Bc2 Re8 15.
Qd2 Nf8 16. b5 Bd7 17. Rab1 Ne6 18. Be3 g6 19. bxc6 Bxc6 20. Rfd1 b6 21. cxb6
axb6 22. a4 Qc7 23. Bb3 Red8 24. h3 h5 25. Qa2 Qd7 26. Qd2 Qc7 27. Qe2 Bg7 28.
Qf3 Ra5 29. Qe2 Raa8 30. Qb2 Qd6 31. Bc2 Rdb8 32. Nb5 Qd7 33. Qb4 Bf8 34. Qd2
Bg7 35. Qb4 Bf8 36. Qb3 Bg7 37. Nc3 Qd6 38. Qb4 Qd7 39. Qb2 Qd6 40. Bb3 Ra5 41.
Qd2 Rb7 42. Bc2 Qd7 43. Rb2 Bf6 44. Rdb1 Qd8 45. Ra2 Qd7 46. Bd1 Kg7 47. Rab2
Qd8 48. Bh6+ Kh7 49. Be3 Kg7 50. Bh6+ Kh7 51. Be3 Kg7 1/2-1/2

[Event "World Rapid 2018"]
[Site "St Petersburg RUS"]
[Date "2018.12.27"]
[Round "9.11"]
[White "Alekseenko, Kirill"]
[Black "Oparin, Grigoriy"]
[Result "0-1"]
[WhiteTitle "GM"]
[BlackTitle "GM"]
[WhiteElo "2638"]
[BlackElo "2613"]
[WhiteFideId "4135539"]
[BlackFideId "24125890"]
[EventDate "2018.12.26"]

1. e4 c6 2. d4 d5 3. exd5 cxd5 4. Bd3 Nf6 5. h3 Nc6 6. c3 g6 7. Nf3 Qc7 8. O-O
Bf5 9. Re1 Bg7 10. Bxf5 gxf5 11. Ne5 Ne4 12. Nd3 e6 13. f3 Nd6 14. Bf4 Rg8 15.
Na3 Qe7 16. Nc5 Bf6 17. Qa4 Bh4 18. Re2 O-O-O 19. b4 Bg3 20. Bd2 Qc7 21. Rc1 Kb8
22. Be3 Ka8 23. c4 dxc4 24. Nxc4 b5 25. Na6 Qb7 26. Nxd6 Rxd6 27. Qxb5 Nxd4 28.
Bxd4 Rxd4 29. Qa4 Rgd8 30. Nc5 Qb6 31. Qc2 Qd6 32. Rf2 Bxf2+ 33. Qxf2 Rd2 34.
Qh4 Rg8 35. g4 Qh2+ 0-1

[Event "World Rapid 2018"]
[Site "St Petersburg RUS"]
[Date "2018.12.27"]
[Round "9.12"]
[White "Potkin, Vladimir"]
[Black "Motylev, Alexander"]
[Result "1/2-1/2"]
[WhiteTitle "GM"]
[BlackTitle "GM"]
[WhiteElo "2597"]
[BlackElo "2644"]
[WhiteFideId "4131061"]
[BlackFideId "4121830"]
[EventDate "2018.12.26"]

1. e4 e5 2. Nf3 Nc6 3. Bc4 Nf6 4. d3 Bc5 5. c3 d6 6. a4 a6 7. O-O Ba7 8. Nbd2 h6
9. b4 Ne7 10. Re1 Ng6 11. Nf1 O-O 12. Ng3 c6 13. Bb3 Re8 14. d4 1/2-1/2

[Event "World Rapid 2018"]
[Site "St Petersburg RUS"]
[Date "2018.12.27"]
[Round "9.13"]
[White "Predke, Alexandr"]
[Black "Matlakov, Maxim"]
[Result "0-1"]
[WhiteTitle "GM"]
[BlackTitle "GM"]
[WhiteElo "2622"]
[BlackElo "2700"]
[WhiteFideId "24107581"]
[BlackFideId "4168003"]
[EventDate "2018.12.26"]

1. e4 e5 2. Nc3 Nf6 3. g3 Bc5 4. Bg2 c6 5. Nge2 d5 6. exd5 cxd5 7. d4 exd4 8.
Nxd4 O-O 9. O-O Bg4 10. Qd3 Bxd4 11. Qxd4 Nc6 12. Qf4 Qd7 13. Re1 Rfe8 14. Bd2
Bf5 15. Nb5 Bxc2 16. Bc3 Ne4 17. Rac1 Nxc3 18. bxc3 Rxe1+ 19. Rxe1 Rd8 20. h4 h6
21. Kh2 Qf5 22. Qxf5 Bxf5 23. Rd1 Be6 24. Nc7 Kf8 25. Nxd5 Ne5 26. Rd4 Nc6 27.
Rd1 b6 28. a3 Na5 29. Rd4 Nb3 30. Rb4 Bxd5 31. Bxd5 Rxd5 32. Rxb3 Ke7 33. Rb4
Rc5 34. Ra4 a5 35. Re4+ Kd6 36. c4 Re5 37. Rf4 f6 38. Rd4+ Kc5 39. Rd7 Kxc4 40.
Rxg7 Kb3 41. Rg6 b5 42. Rxf6 Kxa3 43. f4 Re2+ 44. Kh3 b4 45. Rxh6 b3 46. Rb6 b2
47. h5 Re1 48. f5 b1=Q 49. Rxb1 Rxb1 50. g4 a4 51. f6 Kb4 52. h6 a3 53. f7 Rf1
54. h7 a2 0-1

[Event "World Rapid 2018"]
[Site "St Petersburg RUS"]
[Date "2018.12.27"]
[Round "9.15"]
[White "Bazeev, German"]
[Black "Salem, A.R. Saleh"]
[Result "0-1"]
[BlackTitle "GM"]
[WhiteElo "2416"]
[BlackElo "2660"]
[WhiteFideId "24119350"]
[BlackFideId "9301348"]
[EventDate "2018.12.26"]

1. d4 Nf6 2. Nf3 g6 3. c4 Bg7 4. Nc3 d5 5. cxd5 Nxd5 6. Qa4+ Bd7 7. Qa3 Nxc3 8.
bxc3 O-O 9. h4 Bg4 10. h5 Bxh5 11. Ne5 c5 12. Qxc5 Nd7 13. Nxd7 Qxd7 14. e3 Rfc8
15. Qb4 e5 16. Bd2 Bg4 17. Bb5 Qd8 18. Bd3 h5 19. O-O Rc7 20. f3 Be6 21. Rfd1
Rac8 22. Bf1 b6 23. Ba6 Rb8 24. e4 b5 25. d5 Rc4 26. Qa3 Qb6+ 27. Kf1 Bd7 28.
Qe7 Be8 29. d6 Bf8 30. Qxe5 Bxd6 31. Qf6 Bf8 32. Qe5 Bg7 33. Qf4 Rd8 34. Be3
Rxd1+ 35. Rxd1 Qxa6 0-1

[Event "World Rapid 2018"]
[Site "St Petersburg RUS"]
[Date "2018.12.27"]
[Round "9.18"]
[White "Karjakin, Sergey"]
[Black "Savchenko, Boris"]
[Result "1-0"]
[WhiteTitle "GM"]
[BlackTitle "GM"]
[WhiteElo "2753"]
[BlackElo "2562"]
[WhiteFideId "14109603"]
[BlackFideId "4147332"]
[EventDate "2018.12.26"]

1. e4 c5 2. Nf3 g6 3. d4 cxd4 4. Nxd4 Nc6 5. c4 d6 6. Nc3 Bg7 7. Be3 Qb6 8. Ndb5
Bxc3+ 9. Nxc3 Qxb2 10. Nb5 Kf8 11. Be2 Qg7 12. O-O b6 13. e5 Nxe5 14. Nxd6 Be6
15. f4 Rd8 16. Nf5 Rxd1 17. Raxd1 Nc6 18. Nxg7 Kxg7 19. Bf3 Nb4 20. Bd4+ f6 21.
c5 bxc5 22. Bxc5 Nxa2 23. Rfe1 Bf7 24. Rd7 Nc3 25. Bxe7 h5 26. Rxa7 Nd5 27. Bd6
Nb6 28. Bc5 1-0

[Event "World Rapid 2018"]
[Site "St Petersburg RUS"]
[Date "2018.12.27"]
[Round "9.21"]
[White "Anton Guijarro, David"]
[Black "Inarkiev, Ernesto"]
[Result "1-0"]
[WhiteTitle "GM"]
[BlackTitle "GM"]
[WhiteElo "2642"]
[BlackElo "2693"]
[WhiteFideId "2285525"]
[BlackFideId "4162722"]
[EventDate "2018.12.26"]

1. e4 e5 2. Nf3 Nc6 3. Bc4 Nf6 4. Ng5 d5 5. exd5 Na5 6. Bb5+ c6 7. dxc6 bxc6 8.
Be2 h6 9. Nh3 Bd6 10. d3 O-O 11. O-O Bc7 12. Nd2 Qd6 13. Ne4 Nxe4 14. dxe4 Qg6
15. Qd3 f5 16. Qg3 Qxg3 17. hxg3 fxe4 18. g4 Be6 19. b3 Bb6 20. Be3 Bd4 21. Rac1
Rad8 22. Rfd1 Nb7 23. c3 Bb6 24. Rxd8 Rxd8 25. Rd1 Rd5 26. g5 Kh7 27. gxh6 gxh6
28. c4 Rxd1+ 29. Bxd1 Nc5 30. Bc2 Bf5 31. f3 Bg6 32. f4 Nxb3 33. Bxb6 Na1 34.
Bxe4 Bxe4 35. Bxa7 Kg6 36. fxe5 Kf5 37. Bb8 Bb1 38. a4 Ba2 39. g4+ Ke6 40. Nf4+
Kf7 41. c5 Nc2 42. a5 Nb4 43. Kf2 Bc4 44. Kg3 Nd3 45. Nxd3 Bxd3 46. Kh4 Kg6 47.
Bc7 Bc4 48. Bd6 Kg7 49. Be7 Kg6 50. Bf8 Kh7 51. e6 Kg6 52. e7 Kf7 53. Kh5 Be2
54. Kxh6 Bxg4 55. a6 Bc8 56. a7 Bb7 57. Kg5 Ba8 58. Kf5 Ke8 1-0

[Event "World Rapid 2018"]
[Site "St Petersburg RUS"]
[Date "2018.12.27"]
[Round "9.22"]
[White "Akopian, Vladimir"]
[Black "Piorun, Kacper"]
[Result "1-0"]
[WhiteTitle "GM"]
[BlackTitle "GM"]
[WhiteElo "2650"]
[BlackElo "2634"]
[WhiteFideId "13300032"]
[BlackFideId "1130420"]
[EventDate "2018.12.26"]

1. Nf3 d5 2. g3 Nf6 3. Bg2 e6 4. O-O Be7 5. c4 O-O 6. b3 d4 7. Bb2 c5 8. e3 Nc6
9. exd4 cxd4 10. Re1 Ne8 11. a3 a5 12. d3 f6 13. Nh4 g5 14. Nf3 e5 15. h4 g4 16.
Nh2 f5 17. Nd2 Bf6 18. c5 Be6 19. Nc4 Nc7 20. Bxc6 Bxc4 21. Bxb7 Rb8 22. bxc4
Rxb7 23. Bc1 Ne6 24. c6 Rb6 25. Bh6 Re8 26. f3 Bxh4 27. gxh4 Qxh4 28. Qd2 g3 29.
Rxe5 gxh2+ 30. Qxh2 Qf6 31. Kh1 Ng7 32. Bxg7 Qxc6 33. Rxe8+ Qxe8 34. Rg1 1-0

[Event "World Rapid 2018"]
[Site "St Petersburg RUS"]
[Date "2018.12.27"]
[Round "9.23"]
[White "Cheparinov, Ivan"]
[Black "Yuffa, Daniil"]
[Result "1-0"]
[WhiteTitle "GM"]
[BlackTitle "GM"]
[WhiteElo "2709"]
[BlackElo "2572"]
[WhiteFideId "2905540"]
[BlackFideId "24131423"]
[EventDate "2018.12.26"]

1. Nf3 Nf6 2. c4 g6 3. Nc3 Bg7 4. e4 d6 5. d4 O-O 6. Be2 e5 7. O-O Nc6 8. dxe5
dxe5 9. Bg5 Qxd1 10. Rfxd1 Bg4 11. h3 Bxf3 12. Bxf3 Nd4 13. Nd5 Nxd5 14. cxd5 c6
15. Rac1 cxd5 16. exd5 e4 17. Be3 Nf5 18. Bxe4 Nxe3 19. fxe3 Rfe8 20. Bf3 Bxb2
21. Rb1 Ba3 22. d6 Rad8 23. d7 Rxe3 24. Bxb7 Bc5 25. Kf1 Bb6 26. Rb3 Re6 27. Bc8
Kf8 28. Rd5 Re4 29. Rd2 Ke7 30. Re2 Re6 31. a4 Rf8 32. Rb5 Kd8 33. a5 Bd4 34.
Rc2 Rf6+ 35. Ke1 Re6+ 36. Kd1 Rd6 37. Kc1 f5 38. Rb8 Ke7 39. Re2+ Kf7 40. Rb7
Rd8 41. Rc7 Rd5 42. a6 Bb6 43. Rc6 f4 44. Rxb6 axb6 45. Ra2 Rc5+ 46. Rc2 Ra5 47.
Kb1 Rxa6 48. Bxa6 Rxd7 49. Rc4 g5 50. Kc2 Kf6 51. Rc6+ Ke5 52. Rxb6 Ke4 53. Re6+
Kf5 54. Re8 Kg6 55. Be2 Rc7+ 56. Kd2 Rd7+ 57. Ke1 Rc7 58. Re6+ Kg7 59. Bd3 Rd7
60. Ke2 Ra7 61. Rd6 Re7+ 62. Kf2 Re3 63. Rd7+ Kf6 64. Bxh7 Ra3 65. Bd3 Ra5 66.
Be2 Ra3 67. Rd3 Ra5 68. Bg4 Ke5 69. Rb3 Rd5 70. Be2 Kf6 71. Rb6+ Kg7 72. Rb5 1-0

[Event "World Rapid 2018"]
[Site "St Petersburg RUS"]
[Date "2018.12.27"]
[Round "9.24"]
[White "Amonatov, Farrukh"]
[Black "Sakaev, Konstantin"]
[Result "1-0"]
[WhiteTitle "GM"]
[BlackTitle "GM"]
[WhiteElo "2614"]
[BlackElo "2584"]
[WhiteFideId "14700077"]
[BlackFideId "4104226"]
[EventDate "2018.12.26"]

1. e4 c5 2. Nf3 d6 3. d4 cxd4 4. Nxd4 Nf6 5. Nc3 a6 6. f4 Qc7 7. Bd3 g6 8. Nf3
Nbd7 9. O-O Bg7 10. Kh1 O-O 11. Qe1 Nc5 12. Qh4 e6 13. Be3 Nxd3 14. cxd3 Qd8 15.
f5 exf5 16. Bg5 h6 17. Bxh6 Ng4 18. Bg5 f6 19. Bd2 g5 20. Qe1 f4 21. Nd5 b6 22.
Rc1 Rf7 23. Nd4 Ne5 24. Rc3 Bd7 25. Nf5 Bf8 26. d4 Nc6 27. Qe2 Bxf5 28. exf5 Ne7
29. Qe6 Nxd5 30. Qxd5 Rc8 31. Re1 Rxc3 32. bxc3 Kg7 33. Re6 Qc8 34. h4 gxh4 35.
Qf3 Qc4 36. Bxf4 Kg8 37. Re8 Qb5 38. Qg4+ Rg7 39. Rxf8+ Kxf8 40. Bh6 Qd7 41. Kh2 1-0

[Event "World Rapid 2018"]
[Site "St Petersburg RUS"]
[Date "2018.12.27"]
[Round "9.25"]
[White "Grachev, Boris"]
[Black "Bocharov, Dmitry"]
[Result "1/2-1/2"]
[WhiteTitle "GM"]
[BlackTitle "GM"]
[WhiteElo "2626"]
[BlackElo "2533"]
[WhiteFideId "4129199"]
[BlackFideId "4138716"]
[EventDate "2018.12.26"]

1. Nf3 c5 2. c4 Nc6 3. Nc3 Nf6 4. e3 e5 5. d4 e4 6. Ne5 g6 7. Be2 Bg7 8. O-O Qe7
9. b3 Nxe5 10. dxe5 Qxe5 11. Bb2 O-O 12. Qd2 Qg5 13. Qd6 Ne8 14. Qd2 Nf6 15. Qd6
Ne8 16. Qd2 Nf6 1/2-1/2

[Event "World Rapid 2018"]
[Site "St Petersburg RUS"]
[Date "2018.12.27"]
[Round "9.26"]
[White "Zubov, Alexander"]
[Black "Hovhannisyan, Robert"]
[Result "1-0"]
[WhiteTitle "GM"]
[BlackTitle "GM"]
[WhiteElo "2597"]
[BlackElo "2637"]
[WhiteFideId "14109409"]
[BlackFideId "13302507"]
[EventDate "2018.12.26"]

1. d4 d5 2. c4 c6 3. Nf3 Nf6 4. Qb3 dxc4 5. Qxc4 Bg4 6. Nbd2 Nbd7 7. g3 e6 8.
Bg2 Be7 9. Qb3 Qb6 10. Nc4 Qa6 11. a4 O-O 12. O-O Nb6 13. Nce5 Bh5 14. Re1 Nbd7
15. Bg5 Nxe5 16. dxe5 Nd5 17. Bxe7 Nxe7 18. Nd4 Qb6 19. e3 Qxb3 20. Nxb3 Rfd8
21. a5 Bg6 22. Rec1 Rab8 23. g4 Bd3 24. f4 h5 25. Kf2 g5 26. Nc5 b6 27. axb6
axb6 28. Nxd3 Rxd3 29. Rc2 Rbd8 30. Ra7 Kf8 31. Be4 Rd2+ 32. Rxd2 Rxd2+ 33. Kg3
Re2 34. Kf3 Rxh2 35. f5 exf5 36. gxf5 Nd5 37. f6 Ke8 38. Bf5 Kd8 39. Rxf7 g4+
40. Bxg4 Rh1 41. Kf2 Rh2+ 42. Kg3 Rh1 43. Rd7+ Ke8 44. f7+ Kf8 45. e6 Rf1 46.
Rd8+ Ke7 47. Re8+ 1-0

[Event "World Rapid 2018"]
[Site "St Petersburg RUS"]
[Date "2018.12.27"]
[Round "9.27"]
[White "Tari, Aryan"]
[Black "Fridman, Daniel"]
[Result "1/2-1/2"]
[WhiteTitle "GM"]
[BlackTitle "GM"]
[WhiteElo "2620"]
[BlackElo "2633"]
[WhiteFideId "1510045"]
[BlackFideId "11600454"]
[EventDate "2018.12.26"]

1. e4 e5 2. Nf3 Nf6 3. Nxe5 d6 4. Nf3 Nxe4 5. d4 d5 6. Bd3 Nc6 7. O-O Bg4 8. c4
Nf6 9. cxd5 Bxf3 10. Qxf3 Qxd5 11. Qxd5 Nxd5 12. Nc3 O-O-O 13. Be4 Nce7 14. Rd1
g6 15. Bg5 f6 16. Nxd5 fxg5 17. Nxe7+ Bxe7 18. Rd2 Rhe8 19. Rad1 g4 20. f3 Bb4
21. Rd3 Ba5 22. Kf1 Rd6 23. Re3 Kb8 24. Re2 Rf8 25. Rd3 Bb6 26. d5 h5 27. g3 g5
28. Kg2 Rdf6 29. Rc2 a5 30. b3 Re8 31. Re2 Ka7 32. h3 gxh3+ 33. Kxh3 Re5 34. Kg2
Bc5 35. Rdd2 Bb4 36. Bc2 Rxe2+ 37. Rxe2 h4 38. Re6 Rf7 39. Bg6 Rd7 40. Be4 hxg3
41. Kxg3 Bd6+ 42. Kg4 Bf4 1/2-1/2

[Event "World Rapid 2018"]
[Site "St Petersburg RUS"]
[Date "2018.12.27"]
[Round "9.28"]
[White "Vokhidov, Shamsiddin"]
[Black "Sargissian, Gabriel"]
[Result "0-1"]
[WhiteTitle "IM"]
[BlackTitle "GM"]
[WhiteElo "2480"]
[BlackElo "2689"]
[WhiteFideId "14204223"]
[BlackFideId "13300881"]
[EventDate "2018.12.26"]

1. e4 e5 2. Nf3 Nc6 3. Bc4 Bc5 4. d3 Nf6 5. O-O d6 6. c3 a6 7. a4 Ba7 8. Nbd2
O-O 9. h3 Kh8 10. Re1 Ng8 11. Nf1 f5 12. exf5 Bxf5 13. Ng3 Bg6 14. Bd5 Nf6 15.
Bxc6 bxc6 16. d4 exd4 17. Nxd4 Qd7 18. a5 Nd5 19. Qa4 Bxd4 20. Qxd4 Qf7 21. b4
Kg8 22. Bd2 Nf6 23. f3 Nd7 24. Bg5 Rfe8 25. Bf4 Nf8 26. Be3 Nd7 27. Nh1 Ne5 28.
Nf2 Qc4 29. Qd2 Qd5 30. Bd4 Nc4 31. Qf4 Qf7 32. Qg3 Nd2 33. Rad1 Nb3 34. Ng4
Nxd4 35. Rxd4 Qb3 36. f4 Rxe1+ 37. Qxe1 Re8 38. Qd2 Qb1+ 39. Kf2 Qf5 40. Ne3 Qf6
41. f5 Bf7 42. c4 h5 43. c5 d5 44. Qd3 Qe5 45. g3 Qf6 46. Rf4 Qb2+ 47. Qe2 Qc3
48. Qf3 d4 49. Nf1 Qc2+ 50. Kg1 Bd5 51. f6 Bxf3 52. f7+ Kf8 53. fxe8=Q+ Kxe8 54.
Rxf3 Qb2 55. Rd3 Qxb4 56. Nd2 Qxc5 57. Nf3 Qc1+ 58. Kf2 c5 0-1

[Event "World Rapid 2018"]
[Site "St Petersburg RUS"]
[Date "2018.12.27"]
[Round "9.29"]
[White "Khusnutdinov, Rustam"]
[Black "Shirov, Alexei"]
[Result "1/2-1/2"]
[WhiteTitle "GM"]
[BlackTitle "GM"]
[WhiteElo "2470"]
[BlackElo "2643"]
[WhiteFideId "13701703"]
[BlackFideId "2209390"]
[EventDate "2018.12.26"]

1. e4 e5 2. Nf3 Nc6 3. Bb5 a6 4. Ba4 Nf6 5. O-O b5 6. Bb3 Bc5 7. c3 d6 8. a4 Rb8
9. d4 Bb6 10. a5 Ba7 11. Be3 Bg4 12. Nbd2 O-O 13. Qe1 h6 14. dxe5 Bxe3 15. Qxe3
Nxe5 16. Nxe5 dxe5 17. f3 Bd7 18. Qc5 Re8 19. Rfd1 Qc8 20. Ba2 Be6 21. Bxe6 Rxe6
22. Nb3 Nd7 23. Qf2 Rd6 24. Rd2 Rxd2 25. Qxd2 c5 26. Rd1 Rb7 27. Qd6 c4 28. Nc1
Qc5+ 29. Qxc5 Nxc5 30. Rd5 Na4 31. Rxe5 Nxb2 32. Rd5 b4 33. cxb4 Rxb4 34. Kf2 c3
35. Ke3 Ra4 36. Rc5 Rxa5 37. Rxa5 Nc4+ 38. Kd4 Nxa5 39. Kxc3 Kf8 40. Nd3 Nb7 41.
Kc4 Ke7 42. Kd5 a5 43. Nc5 Nd6 44. Na4 Nb5 45. Kc4 Na3+ 46. Kb3 Nb5 47. Kc4 Na3+
48. Kb3 Nb5 1/2-1/2

[Event "World Rapid 2018"]
[Site "St Petersburg RUS"]
[Date "2018.12.27"]
[Round "9.30"]
[White "Fedoseev, Vladimir3"]
[Black "Frolyanov, Dmitry"]
[Result "1-0"]
[WhiteTitle "GM"]
[BlackTitle "GM"]
[WhiteElo "2719"]
[BlackElo "2517"]
[WhiteFideId "24130737"]
[BlackFideId "4151976"]
[EventDate "2018.12.26"]

1. d4 d5 2. Nf3 Nf6 3. Bg5 e6 4. Nbd2 c5 5. c3 Nc6 6. e3 Be7 7. Bd3 b6 8. Ne5
Nxe5 9. dxe5 Nd7 10. Bxe7 Qxe7 11. f4 Bb7 12. O-O O-O-O 13. Qe2 f6 14. exf6 Nxf6
15. Nf3 Nd7 16. Bb5 Kb8 17. a4 a5 18. b4 cxb4 19. cxb4 Qxb4 20. Rab1 Qd6 21. Ng5
Rhf8 22. Nxh7 Rf7 23. Ng5 Re7 24. Rbd1 Nc5 25. Nf3 Rc7 26. Nd4 e5 27. fxe5 Qxe5
28. Rf5 Qd6 29. Rdf1 Rh8 30. Rh5 Rxh5 31. Qxh5 Ne4 32. Qh8+ Rc8 33. Qxg7 Nd2 34.
Rd1 Nc4 35. Qg5 Ka8 36. h4 Qa3 37. Nf5 Qb3 38. Rd4 Rf8 39. Kh2 Qb1 40. Rf4 Qe1
41. Qg3 Qc3 42. Bxc4 dxc4 43. Nd6 Rxf4 44. Qg8+ 1-0